<?xml version="1.0" encoding="UTF-8"?>
<collection xmlns="http://www.loc.gov/MARC21/slim">
 <record>
  <leader>03027cam a2200613   4500</leader>
  <controlfield tag="001">892964618</controlfield>
  <controlfield tag="003">DE-627</controlfield>
  <controlfield tag="005">20220114151955.0</controlfield>
  <controlfield tag="007">tu</controlfield>
  <controlfield tag="008">170707s2017    sp |||||      00| ||spa c</controlfield>
  <datafield tag="020" ind1=" " ind2=" ">
   <subfield code="a">9788416783274</subfield>
   <subfield code="c"> :  (19.50 EUR)</subfield>
   <subfield code="9">978-84-16783-27-4</subfield>
  </datafield>
  <datafield tag="035" ind1=" " ind2=" ">
   <subfield code="a">(DE-627)892964618</subfield>
  </datafield>
  <datafield tag="035" ind1=" " ind2=" ">
   <subfield code="a">(DE-576)491038534</subfield>
  </datafield>
  <datafield tag="035" ind1=" " ind2=" ">
   <subfield code="a">(DE-599)GBV892964618</subfield>
  </datafield>
  <datafield tag="035" ind1=" " ind2=" ">
   <subfield code="a">(OCoLC)995845463</subfield>
  </datafield>
  <datafield tag="035" ind1=" " ind2=" ">
   <subfield code="a">(OCoLC)995845463</subfield>
  </datafield>
  <datafield tag="035" ind1=" " ind2=" ">
   <subfield code="a">(ZDB-21-EIL)4144053</subfield>
  </datafield>
  <datafield tag="040" ind1=" " ind2=" ">
   <subfield code="a">DE-627</subfield>
   <subfield code="b">ger</subfield>
   <subfield code="c">DE-627</subfield>
   <subfield code="e">rda</subfield>
  </datafield>
  <datafield tag="041" ind1=" " ind2=" ">
   <subfield code="a">spa</subfield>
  </datafield>
  <datafield tag="044" ind1=" " ind2=" ">
   <subfield code="c">XA-ES</subfield>
  </datafield>
  <datafield tag="050" ind1=" " ind2="0">
   <subfield code="a">PN</subfield>
  </datafield>
  <datafield tag="082" ind1="0" ind2=" ">
   <subfield code="a">791</subfield>
   <subfield code="2">14</subfield>
  </datafield>
  <datafield tag="084" ind1=" " ind2=" ">
   <subfield code="a">7,34</subfield>
   <subfield code="2">ssgn</subfield>
  </datafield>
  <datafield tag="084" ind1=" " ind2=" ">
   <subfield code="a">IP 2387</subfield>
   <subfield code="2">rvk</subfield>
   <subfield code="0">(DE-625)rvk/61952:</subfield>
  </datafield>
  <datafield tag="084" ind1=" " ind2=" ">
   <subfield code="a">AP 59437</subfield>
   <subfield code="q">BVB</subfield>
   <subfield code="2">rvk</subfield>
   <subfield code="0">(DE-625)rvk/7791:696</subfield>
  </datafield>
  <datafield tag="084" ind1=" " ind2=" ">
   <subfield code="a">24.32</subfield>
   <subfield code="2">bkl</subfield>
  </datafield>
  <datafield tag="245" ind1="1" ind2="0">
   <subfield code="a">Trayectorias, ciclos y miradas del cine español (1982-1998)</subfield>
   <subfield code="c">José Luis Sánchez Noriega (Ed.)</subfield>
  </datafield>
  <datafield tag="250" ind1=" " ind2=" ">
   <subfield code="a">Primera edición</subfield>
  </datafield>
  <datafield tag="264" ind1=" " ind2="1">
   <subfield code="a">Barcelona</subfield>
   <subfield code="b">Laertes</subfield>
   <subfield code="c">mayo 2017</subfield>
  </datafield>
  <datafield tag="300" ind1=" " ind2=" ">
   <subfield code="a">509 Seiten</subfield>
   <subfield code="b">Illustrationen</subfield>
   <subfield code="c">23 cm</subfield>
  </datafield>
  <datafield tag="336" ind1=" " ind2=" ">
   <subfield code="a">Text</subfield>
   <subfield code="b">txt</subfield>
   <subfield code="2">rdacontent</subfield>
  </datafield>
  <datafield tag="337" ind1=" " ind2=" ">
   <subfield code="a">ohne Hilfsmittel zu benutzen</subfield>
   <subfield code="b">n</subfield>
   <subfield code="2">rdamedia</subfield>
  </datafield>
  <datafield tag="338" ind1=" " ind2=" ">
   <subfield code="a">Band</subfield>
   <subfield code="b">nc</subfield>
   <subfield code="2">rdacarrier</subfield>
  </datafield>
  <datafield tag="490" ind1="1" ind2=" ">
   <subfield code="a">Kaplan</subfield>
   <subfield code="v">50</subfield>
  </datafield>
  <datafield tag="500" ind1=" " ind2=" ">
   <subfield code="a">Collected essays</subfield>
  </datafield>
  <datafield tag="689" ind1="0" ind2="0">
   <subfield code="d">g</subfield>
   <subfield code="0">(DE-588)4055964-6</subfield>
   <subfield code="0">(DE-627)104616806</subfield>
   <subfield code="0">(DE-576)209116080</subfield>
   <subfield code="a">Spanien</subfield>
   <subfield code="2">gnd</subfield>
  </datafield>
  <datafield tag="689" ind1="0" ind2="1">
   <subfield code="d">s</subfield>
   <subfield code="0">(DE-588)4017102-4</subfield>
   <subfield code="0">(DE-627)104559683</subfield>
   <subfield code="0">(DE-576)208918531</subfield>
   <subfield code="a">Film</subfield>
   <subfield code="2">gnd</subfield>
  </datafield>
  <datafield tag="689" ind1="0" ind2="2">
   <subfield code="a">z</subfield>
   <subfield code="2">gnd</subfield>
   <subfield code="a">Geschichte 1982-1998</subfield>
  </datafield>
  <datafield tag="689" ind1="0" ind2=" ">
   <subfield code="5">(DE-627)</subfield>
  </datafield>
  <datafield tag="700" ind1="1" ind2=" ">
   <subfield code="a">Sánchez Noriega, José Luis</subfield>
   <subfield code="d">1957-</subfield>
   <subfield code="e">HerausgeberIn</subfield>
   <subfield code="0">(DE-588)133338444</subfield>
   <subfield code="0">(DE-627)541647350</subfield>
   <subfield code="0">(DE-576)299781747</subfield>
   <subfield code="4">edt</subfield>
  </datafield>
  <datafield tag="787" ind1="0" ind2="8">
   <subfield code="i">Rezensiert in</subfield>
   <subfield code="a">García Gómez, Francisco, 1968 - </subfield>
   <subfield code="t">[Rezension von: José Luis Sánchez Noriega, Trayectorias, ciclos y miradas del cine español (1982-1998)]</subfield>
   <subfield code="d">2018</subfield>
   <subfield code="w">(DE-627)1786145812</subfield>
  </datafield>
  <datafield tag="830" ind1=" " ind2="0">
   <subfield code="a">Kaplan</subfield>
   <subfield code="v">50</subfield>
   <subfield code="9">50</subfield>
   <subfield code="w">(DE-627)530671352</subfield>
   <subfield code="w">(DE-576)024745545</subfield>
   <subfield code="w">(DE-600)2326889-X</subfield>
  </datafield>
  <datafield tag="856" ind1="4" ind2="2">
   <subfield code="u">http://www.gbv.de/dms/sub-hamburg/892964618.pdf</subfield>
   <subfield code="m">V:DE-601</subfield>
   <subfield code="m">B:DE-18</subfield>
   <subfield code="q">application/pdf</subfield>
   <subfield code="v">2018-10-09</subfield>
   <subfield code="x">Verlag</subfield>
   <subfield code="y">Inhaltsverzeichnis</subfield>
   <subfield code="3">Inhaltsverzeichnis</subfield>
  </datafield>
  <datafield tag="856" ind1="4" ind2="2">
   <subfield code="u">http://laertes.es/trayectorias-ciclos-y-miradas-del-cine-espa%C3%B1ol</subfield>
   <subfield code="x">Verlag</subfield>
   <subfield code="y">Inhaltsbeschreibung</subfield>
  </datafield>
  <datafield tag="935" ind1=" " ind2=" ">
   <subfield code="i">Blocktest</subfield>
  </datafield>
  <datafield tag="936" ind1="r" ind2="v">
   <subfield code="a">IP 2387</subfield>
   <subfield code="b">Drehbuch, Film, Fernsehspiel</subfield>
   <subfield code="k">Romanistik</subfield>
   <subfield code="k">Spanische Literatur im 16. - 21. Jahrhundert</subfield>
   <subfield code="k">Spanische Literatur im 20. und 21. Jahrhundert</subfield>
   <subfield code="k">Spanische Literatur im 20. Jahrhundert</subfield>
   <subfield code="k">Literaturgeschichte</subfield>
   <subfield code="k">Einzelne Gattungen</subfield>
   <subfield code="k">Dramatik</subfield>
   <subfield code="k">Drehbuch, Film, Fernsehspiel</subfield>
   <subfield code="0">(DE-627)1271241404</subfield>
   <subfield code="0">(DE-625)rvk/61952:</subfield>
   <subfield code="0">(DE-576)201241404</subfield>
  </datafield>
  <datafield tag="936" ind1="r" ind2="v">
   <subfield code="a">AP 59437</subfield>
   <subfield code="b">Spanien, Spanisches Sprachgebiet</subfield>
   <subfield code="k">Allgemeines</subfield>
   <subfield code="k">Medien- und Kommunikationswissenschaften, Kommunikationsdesign</subfield>
   <subfield code="k">Film</subfield>
   <subfield code="k">Film in einzelnen Ländern</subfield>
   <subfield code="k">Spielfilm</subfield>
   <subfield code="k">Europa</subfield>
   <subfield code="k">Südeuropa</subfield>
   <subfield code="k">Iberische Halbinsel</subfield>
   <subfield code="k">Spanien, Spanisches Sprachgebiet</subfield>
   <subfield code="0">(DE-627)1272481964</subfield>
   <subfield code="0">(DE-625)rvk/7791:696</subfield>
   <subfield code="0">(DE-576)202481964</subfield>
  </datafield>
  <datafield tag="936" ind1="b" ind2="k">
   <subfield code="a">24.32</subfield>
   <subfield code="j">Filmgeschichte</subfield>
   <subfield code="0">(DE-627)106405934</subfield>
  </datafield>
  <datafield tag="951" ind1=" " ind2=" ">
   <subfield code="a">BO</subfield>
  </datafield>
  <datafield tag="990" ind1=" " ind2=" ">
   <subfield code="a">Spanien</subfield>
  </datafield>
  <datafield tag="990" ind1=" " ind2=" ">
   <subfield code="a">Film</subfield>
  </datafield>
  <datafield tag="990" ind1=" " ind2=" ">
   <subfield code="a">Geschichte 1982-1998</subfield>
  </datafield>
  <datafield tag="991" ind1=" " ind2=" ">
   <subfield code="a">Rezensiertes Werk</subfield>
  </datafield>
  <datafield tag="999" ind1=" " ind2=" ">
   <subfield code="a">KXP-PPN892964618</subfield>
   <subfield code="e">4036755234</subfield>
  </datafield>
 </record>
</collection>
